000 00266nam a2200097Ia 4500
008 200302s9999 xx 000 0 und d
100 _aSchool of Architecture
245 _aClimatic Evaluation of Gujarat
260 _bCept Research and Development Unit
300 _a58 P.,
999 _c3191
_d3191